|
|
|
|
| LEADER |
00000nab#a22000007a#4500 |
| 001 |
arbauad035532 |
| 003 |
AR-BaUAD |
| 005 |
20250711112822.0 |
| 008 |
980302|||||||||###||||||b###|0###a|spa|| |
| 040 |
|
|
|a AR-BaUAD
|c AR-BaUAD
|b spa
|
| 245 |
1 |
0 |
|a Visual Impacts and Social Tension
|
| 300 |
0 |
|
|b fot., il.
|
| 653 |
|
|
|a DISEÑO GRAFICO
|
| 653 |
|
|
|a VANGUARDIAS
|
| 653 |
|
|
|a SIGLO XX
|
| 653 |
|
|
|a AFICHES
|
| 653 |
|
|
|a POLITICA
|
| 653 |
|
|
|a HISTORIA
|
| 653 |
|
|
|a BERNARD, LUCIEN
|
| 653 |
|
|
|a FUTURISMO
|
| 653 |
|
|
|a MARINETTI, FILIPPO
|
| 653 |
|
|
|a DUCHAMP, MARCEL
|
| 653 |
|
|
|a PICASSO, PABLO
|
| 653 |
|
|
|a CASSANDRE
|
| 653 |
|
|
|a MOURON, ADOLPHE JEAN MARIE
|
| 653 |
|
|
|a SUPREMATISMO
|
| 653 |
|
|
|a MALEVICH, KAZIMIR
|
| 653 |
|
|
|a CONSTRUCTIVISMO
|
| 653 |
|
|
|a LISSITZKY, EL
|
| 653 |
|
|
|a NAZISMO
|
| 653 |
|
|
|a HEARTFIELD, JOHN
|
| 653 |
|
|
|a CARLU, JEAN
|
| 653 |
|
|
|a 1910-1945
|
| 773 |
0 |
|
|t IDEA
|g no. 272 [ene. 1999], p. 6-59
|
| 942 |
|
|
|c ARTI
|
| 952 |
|
|
|0 0
|1 0
|4 0
|7 0
|9 80451
|a AR-BAuAD
|b AR-BAuAD
|d 2025-07-11
|l 0
|p AAQA035532
|r 2025-07-11 11:28:22
|w 2025-07-11
|y ARTI
|
| 990 |
|
|
|a DG199
|b TD
|
| 998 |
|
|
|a AAQ
|b BIBUN76
|
| 999 |
|
|
|c 60124
|d 60124
|